Statistics for Australian Geography A-Z

Click here to take the quiz!

General Stats

  • This quiz has been taken 160 times
  • The average score is 19 of 25

Answer Stats

HintAnswer% Correct
KAdorable eucalyptus eaterKoala
97%
ANative inhabitantsAboriginals
93%
ESecond largest bird in the worldEmu
93%
QNational airlineQantas
93%
OThe remote regions of AustraliaOutback
93%
PMost isolated major city
in the world
Perth
92%
UAlso known as Ayer's RockUluru
90%
DCapital of Northern TerritoryDarwin
90%
JWord for a young KangarooJoey
90%
ISecond closest countryIndonesia
89%
ZAustralia is the third largest
producer of this type of metal
Zinc
86%
VBrand of yeast extract spreadVegemite
85%
BMost famous beach of SydneyBondi
85%
HBiggest city in TasmaniaHobart
84%
WState of PWestern
Australia
78%
LEyre, Hillier, Torrens e.g.Lake
72%
CSea in which the
Great Barrier Reef is located
Coral Sea
70%
RLong fences are built in W to
protect farms from this animal
Rabbit
69%
MLongest riverMurray
64%
YFar northern peninsulaCape {York}
61%
SAustralian term for a ranchStation
49%
TStrait between Y and PNGTorres
45%
GMountain range that runs from
Queensland to Victoria
Great Dividing
Range
39%
FLargest sand island in the worldFraser
39%
NOne of its external territoriesNorfolk Island
32%

Score Distribution

Percentile by Number Answered

Percent of People with Each Score

Your Score History

You have not taken this quiz